<?xml version="1.0" encoding="UTF-8"?>
<record
    xmlns:xsi="http://www.w3.org/2001/XMLSchema-instance"
    xsi:schemaLocation="http://www.loc.gov/MARC21/slim http://www.loc.gov/standards/marcxml/schema/MARC21slim.xsd"
    xmlns="http://www.loc.gov/MARC21/slim">

  <leader>02776nam a2200253   4500</leader>
  <controlfield tag="003">vecauma</controlfield>
  <controlfield tag="005">20260410200809.0</controlfield>
  <controlfield tag="007">ta</controlfield>
  <controlfield tag="008">260410b        ve ||||| |||| 00| 0 spa d</controlfield>
  <datafield tag="020" ind1=" " ind2=" ">
    <subfield code="a">950081790X</subfield>
  </datafield>
  <datafield tag="040" ind1=" " ind2=" ">
    <subfield code="a">vecauma</subfield>
    <subfield code="b">spa</subfield>
    <subfield code="c">vecauma</subfield>
    <subfield code="d">vecauma</subfield>
    <subfield code="e">rda</subfield>
  </datafield>
  <datafield tag="041" ind1=" " ind2=" ">
    <subfield code="a">spa</subfield>
  </datafield>
  <datafield tag="100" ind1="1" ind2=" ">
    <subfield code="e">autor</subfield>
  </datafield>
  <datafield tag="245" ind1="1" ind2=" ">
    <subfield code="a">La empresa transparente </subfield>
    <subfield code="c">/ Alberto Borrini</subfield>
  </datafield>
  <datafield tag="264" ind1=" " ind2=" ">
    <subfield code="a">Espa&#xF1;a:</subfield>
    <subfield code="b">Atl&#xE1;ntida S.A,;</subfield>
    <subfield code="c">1997.</subfield>
  </datafield>
  <datafield tag="300" ind1=" " ind2=" ">
    <subfield code="a">240 p&#xE1;ginas.</subfield>
  </datafield>
  <datafield tag="336" ind1=" " ind2=" ">
    <subfield code="a">texto</subfield>
    <subfield code="b">txt</subfield>
    <subfield code="2">rdacontenido</subfield>
  </datafield>
  <datafield tag="337" ind1=" " ind2=" ">
    <subfield code="a">no mediado</subfield>
    <subfield code="b">n</subfield>
    <subfield code="2">rdamedio</subfield>
  </datafield>
  <datafield tag="338" ind1=" " ind2=" ">
    <subfield code="a">volumen</subfield>
    <subfield code="b">nc</subfield>
    <subfield code="2">rdasoporte</subfield>
  </datafield>
  <datafield tag="505" ind1="0" ind2=" ">
    <subfield code="a">Or&#xED;genes y caracter&#xED;sticas de la comunicaci&#xF3;n publicitaria /
El m&#xE9;todo del discurso, o "sentir para estar seguros" /
El relacionismo y el retorno de las palabras /
Del "cuento de hadas" a la "pesadilla" publicitaria /
Nuevos medios para la transparencia interna /
El eslogan, la &#xFA;ltima palabra de la empresa /
C&#xF3;mo apelar ante el "tribunal de la opini&#xF3;n p&#xFA;blica" /
La interactividad o el enorme "p&#xFA;blico de uno" /
De la publicidad a la comunicaci&#xF3;n /
La ambigua &#xE9;tica de la comunicaci&#xF3;n empresarial /
</subfield>
  </datafield>
  <datafield tag="520" ind1="3" ind2=" ">
    <subfield code="a">Desde los accionistas hasta el propio personal, pasando por los consumidores, proveedores, lideres de la comunidad y factores de poder, todos reclaman m&#xE1;s informaci&#xF3;n a las empresas. Pero el detonante de la apertura comunicacional de muchas organizaciones, y no s&#xF3;lo del &#xE1;mbito empresarial, son los medios masivos de difusi&#xF3;n, que multiplican los reclamos de una mayor transparencia de la gesti&#xF3;n realizados desde amplios sectores de la opini&#xF3;n p&#xFA;blica.

Para enfrentar ese desaf&#xED;o, la publicidad es necesaria pero no suficiente. Borrini analiza las nuevas herramientas, recordando sus or&#xED;genes y siguiendo a grandes trazos su desarrollo. Como periodista, est&#xE1; especialmente interesado en la forma de narrar, y sostiene que las empresas cuentan historias, como las personas, s&#xF3;lo que lo hacen en anuncios, en acciones de relaciones p&#xFA;blicas, en campa&#xF1;as de promoci&#xF3;n y marketing directo.

Por otra parte, considera que la comunicaci&#xF3;n, tanto interna como externa, adem&#xE1;s de propiciar la transparencia, es un verdadero bar&#xF3;metro de la calidad de gesti&#xF3;n general de una empresa.

Para realizar La empresa transparente, Borrini recurri&#xF3; a cientos de estudios, art&#xED;culos y reportajes y entrevist&#xF3; a decenas de personas, en la Argentina y el exterior, y remont&#xF3; la publicidad a fuentes tan insospechadas como Edgar Allan Poe, G&#xF3;mez de la Serna y Magritte. Todo ello, sumado a su amplia experiencia en este &#xE1;mbito, ha dado como resultado un documentado e ilustrativo an&#xE1;lisis de la comunicaci&#xF3;n empresarial, y tambi&#xE9;n un libro diferente y entretenido.
</subfield>
  </datafield>
  <datafield tag="942" ind1=" " ind2="1">
    <subfield code="2">lcc</subfield>
    <subfield code="n">0</subfield>
    <subfield code="c">BK</subfield>
  </datafield>
  <datafield tag="999" ind1=" " ind2=" ">
    <subfield code="c">13352</subfield>
    <subfield code="d">13352</subfield>
  </datafield>
  <datafield tag="952" ind1=" " ind2=" ">
    <subfield code="0">0</subfield>
    <subfield code="1">0</subfield>
    <subfield code="2">lcc</subfield>
    <subfield code="4">0</subfield>
    <subfield code="7">0</subfield>
    <subfield code="8">CG</subfield>
    <subfield code="a">BUMA</subfield>
    <subfield code="b">BUMA</subfield>
    <subfield code="c">GEN</subfield>
    <subfield code="d">2026-04-10</subfield>
    <subfield code="i">48932</subfield>
    <subfield code="l">0</subfield>
    <subfield code="p">2026-0490</subfield>
    <subfield code="r">2026-04-10</subfield>
    <subfield code="w">2026-04-10</subfield>
    <subfield code="y">BK</subfield>
  </datafield>
</record>
